E.G.O.T. So Close! Quiz Stats

 Plays Quiz Updated Mar 26, 2015

Challenge
Share
Tweet
Embed
Score 0/20 Timer 05:00
0 Plays Today
% Correct
Julie Andrews
81.5%
Cher
78.8%
Robin Williams
78.7%
Al Pacino
74.2%
Maggie Smith
72.1%
Cynthia Nixon
71.1%
Jessica Tandy
68.7%
Henry Fonda
64.1%
Kate Winslet
60.7%
Geoffrey Rush
53.6%
% Correct
Anne Bancroft
49.9%
Peter Ustinov
49.7%
Jason Robards
44.8%
Ellen Burstyn
43.5%
Lily Tomlin
42.6%
Jeremy Irons
37.6%
Christopher Plummer
36.5%
Ingrid Bergman
35.9%
Vanessa Redgrave
35.1%
Julie Harris
26.8%

You're not logged in!

Compare scores with friends on all Sporcle quizzes.
Join for Free
OR
Log In

You Might Also Like...

Show Comments

Extras

Top Quizzes Today


Score Distribution

Your Account Isn't Verified!

In order to create a playlist on Sporcle, you need to verify the email address you used during registration. Go to your Sporcle Settings to finish the process.

Report this User

Report this user for behavior that violates our Community Guidelines.

Details: